[Event "Tournoi Skype 012B"]
[Site "Skype"]
[Date "????.??.??"]
[Round "5.14"]
[White "Vincent, Andre"]
[Black "Lequeux, Pierre"]
[Result "1-0"]
[WhiteElo "1360"]
[BlackElo "1176"]
[PlyCount "87"]

1. Nf3 d5 2. d4 Nf6 3. g3 Nc6 4. Bg2 Be6 5. Nc3 a6 6. O-O h6 7. Re1 g5 8. b3
Bg7 9. Bb2 O-O 10. e4 dxe4 11. Nxe4 Nxe4 12. Rxe4 Bd5 13. Re1 f6 14. c4 Bxf3
15. Bxf3 e5 16. Bd5+ Kh8 17. dxe5 Nxe5 18. Bxb7 Qxd1 19. Raxd1 Rab8 20. Bg2
Rfe8 21. h3 c6 22. Bxe5 Rxe5 23. Rxe5 fxe5 24. Bxc6 Rc8 25. Be4 a5 26. Kg2 a4
27. Kf3 Kg8 28. Rd7 h5 29. Bf5 Rf8 30. Ke4 axb3 31. axb3 g4 32. h4 Kh8 33. b4
Ra8 34. b5 Ra4 35. Rd8+ Bf8 36. Rxf8+ Kg7 37. Rc8 Kf6 38. Rc6+ Ke7 39. Kxe5 Ra8
40. c5 Rb8 41. b6 Kd8 42. Rd6+ Ke7 43. Rd7+ Ke8 44. Rh7 1-0

[Event "Tournoi Skype 012B"]
[Site "Skype"]
[Date "????.??.??"]
[Round "5.15"]
[White "Yeter, Orhan"]
[Black "Alverson, Ginny"]
[Result "1-0"]
[WhiteElo "1345"]
[BlackElo "1244"]
[PlyCount "51"]

1. e4 Nf6 2. e5 Nd5 3. Nf3 e6 4. d4 Bb4+ 5. c3 Ba5 6. Bd3 O-O 7. Qc2 f5 8. O-O
d6 9. b4 Nxb4 10. cxb4 Bxb4 11. a3 Ba5 12. Bb2 c5 13. d5 exd5 14. exd6 Qxd6 15.
g4 Qg6 16. Kh1 Qxg4 17. Ne5 Qh3 18. Nd2 Bc7 19. Rg1 Rf6 20. Ndf3 Rh6 21. Rxg7+
Kxg7 22. Rg1+ Kf8 23. Qxc5+ Bd6 24. Qxc8+ Ke7 25. Rg7+ Kf6 26. Ng4# 1-0

[Event "Tournoi Skype 012B"]
[Site "Skype"]
[Date "????.??.??"]
[Round "5.16"]
[White "Gerbaux, Regis"]
[Black "Ruiz Gomez, Luz Alba"]
[Result "1-0"]
[WhiteElo "1435"]
[BlackElo "1399"]
[PlyCount "107"]

1. Nf3 Nc6 2. e4 e5 3. d4 exd4 4. Nxd4 Nf6 5. Nc3 Be7 6. Be2 a6 7. O-O O-O 8.
a3 d6 9. h3 Bd7 10. Qd3 Ne5 11. Qg3 c5 12. Bh6 Ng6 13. Be3 cxd4 14. Bxd4 Rc8
15. e5 dxe5 16. Bxe5 Bc6 17. Rad1 Qb6 18. b4 Be4 19. Bd4 Qe6 20. Bd3 Bd6 21.
Qe3 Bf4 22. Qe2 Bg5 23. Bxf6 Qxf6 24. Nxe4 Qf4 25. g3 Qf5 26. Nd6 Qe5 27. Nxc8
Qxe2 28. Bxe2 Rxc8 29. Bg4 Rxc2 30. Bf5 Rc6 31. Bxg6 fxg6 32. Kg2 Bf6 33. Rd5
Rc3 34. Ra1 Rb3 35. Ra2 g5 36. Rd7 b6 37. Ra7 a5 38. bxa5 bxa5 39. Rxa5 h6 40.
a4 Kh7 41. Rb5 Rc3 42. a5 Bd4 43. a6 Rc6 44. Rd5 Ba7 45. Rd7 Bb6 46. Rb2 Bc5
47. Rc2 Kg6 48. a7 Rc8 49. Rd6+ Kh7 50. Rxc5 Ra8 51. Ra5 Kh8 52. Rb6 Rxa7 53.
Rxa7 Kh7 54. h4 1-0

[Event "Tournoi Skype 012B"]
[Site "Skype"]
[Date "????.??.??"]
[Round "5.18"]
[White "Farthouat, Catherine"]
[Black "Paquay, Renaud"]
[Result "0-1"]
[WhiteElo "1000"]
[BlackElo "1399"]
[PlyCount "46"]

1. e4 c6 2. d4 d5 3. Nc3 dxe4 4. Nxe4 Bf5 5. Ng3 Bg6 6. Bd3 Bxd3 7. cxd3 e6 8.
N1e2 Bb4+ 9. Bd2 Qg5 10. Bxb4 Nf6 11. Bd2 Qd5 12. O-O Ng4 13. Ne4 f5 14. Ng5
Qd6 15. Nf4 O-O 16. Re1 Re8 17. h3 Nf6 18. Nh5 Nbd7 19. Nxg7 Re7 20. Re2 Rxg7
21. Nxe6 Rg6 22. Bf4 Qd5 23. Nc7 Qxg2# 0-1

[Event "Tournoi Skype 012B"]
[Site "Skype"]
[Date "????.??.??"]
[Round "5.19"]
[White "Gagnon, Sindy"]
[Black "Martin, Elise"]
[Result "0-1"]
[WhiteElo "1003"]
[BlackElo "1222"]
[PlyCount "40"]

1. d4 d5 2. e3 Nc6 3. Nf3 Bg4 4. Be2 Nf6 5. c3 e6 6. O-O Bd6 7. Nbd2 Na5 8.
Bb5+ c6 9. Be2 Qc7 10. Bd3 Bh5 11. Re1 Ng4 12. Qc2 Bxh2+ 13. Nxh2 Qxh2+ 14. Kf1
Qh1+ 15. Ke2 Qxg2 16. Rf1 Nh2+ 17. Nf3 Bxf3+ 18. Ke1 Qxf1+ 19. Kd2 Qxf2+ 20.
Be2 Qxe2# 0-1

[Event "Tournoi Skype 012B"]
[Site "Skype"]
[Date "????.??.??"]
[Round "5.20"]
[White "Armingaud, Jean-Claude"]
[Black "Pedneault, Anne-Frederique"]
[Result "1-0"]
[WhiteElo "1189"]
[BlackElo "1102"]
[PlyCount "47"]

1. e4 e5 2. Nf3 Nc6 3. Bb5 Nf6 4. d3 a6 5. Bxc6 bxc6 6. Nxe5 Qe7 7. Nf3 c5 8.
Nc3 Bb7 9. O-O Qe6 10. Bf4 Bd6 11. Bxd6 Qxd6 12. e5 Qe6 13. exf6 Qxf6 14. Ne4
Qf5 15. Re1 O-O 16. Nh4 Qf4 17. Nxc5 Bd5 18. Nxd7 Rfe8 19. Nf3 Rad8 20. Nde5
Rd6 21. c4 Bxf3 22. Qxf3 Qg5 23. Nxf7 Rg6 24. Nxg5 1-0

[Event "Tournoi Skype 012B"]
[Site "Skype"]
[Date "????.??.??"]
[Round "5.21"]
[White "Melin, Christiane"]
[Black "Lemoine, Gerard"]
[Result "1-0"]
[WhiteElo "1130"]
[BlackElo "1040"]
[PlyCount "61"]

1. e4 e6 2. d4 d5 3. e5 c5 4. c3 Nc6 5. Nf3 Nf6 6. exf6 Qxf6 7. Bg5 Qg6 8. Bd3
f5 9. g4 Be7 10. Bxe7 Nxe7 11. Ne5 Qf6 12. Rg1 Nc6 13. g5 Qd8 14. Bb5 Qb6 15.
Qh5+ Ke7 16. Qf7+ Kd6 17. Na3 cxd4 18. Qxg7 Bd7 19. Qxd7+ Kxe5 20. Kd2 dxc3+
21. Kxc3 d4+ 22. Kd3 Rhd8 23. Nc4+ Kf4 24. Nxb6 Nb4+ 25. Kxd4 Nc2+ 26. Kc3 Rxd7
27. Nxd7 Nxa1 28. Rxa1 Kxg5 29. Kc4 Rc8+ 30. Kd3 Rc5 31. Nxc5 1-0

[Event "Tournoi Skype 012B"]
[Site "Skype"]
[Date "????.??.??"]
[Round "5.22"]
[White "Marty, Yvette"]
[Black "Talbot, Jean"]
[Result "0-1"]
[WhiteElo "1000"]
[BlackElo "1000"]
[PlyCount "50"]

1. e4 e5 2. Nf3 Nc6 3. c3 Nf6 4. d4 exd4 5. cxd4 Bb4+ 6. Bd2 d6 7. a3 Bxd2+ 8.
Nbxd2 O-O 9. Be2 Re8 10. Qc2 Bg4 11. O-O Bxf3 12. Bxf3 Nxd4 13. Qa4 Nxf3+ 14.
Nxf3 Rxe4 15. Qb3 Rb8 16. Rad1 b5 17. Nd2 Re2 18. Rde1 Qe8 19. Qc2 Rxe1 20. Qd3
Qe2 21. Qc2 Rxf1+ 22. Nxf1 Qxc2 23. h3 Ne4 24. g3 Qxf2+ 25. Kh1 Qxf1+ 0-1

[Event "Tournoi Skype 012B"]
[Site "Skype"]
[Date "????.??.??"]
[Round "5.23"]
[White "Rival, Jocelyn"]
[Black "Coude, Josue"]
[Result "0-1"]
[WhiteElo "1114"]
[BlackElo "1097"]
[PlyCount "102"]

1. e4 e5 2. Nf3 Nc6 3. Bb5 Nf6 4. d3 d6 5. Bg5 h6 6. Bxf6 Qxf6 7. c3 a6 8. Ba4
b5 9. Bb3 Bg4 10. d4 Be7 11. Qd3 Bxf3 12. gxf3 Qg5 13. Nd2 O-O 14. d5 Na5 15.
Bc2 Qg2 16. Rf1 Qxh2 17. O-O-O Bg5 18. Rh1 Qxf2 19. b4 Nb7 20. f4 Bxf4 21. Rhf1
Qg3 22. Qxg3 Bxg3 23. c4 bxc4 24. Nxc4 a5 25. bxa5 Nxa5 26. Bb3 Nxb3+ 27. axb3
Ra1+ 28. Kb2 Rfa8 29. Rxa1 Rxa1 30. Rxa1 g5 31. Ra8+ Kg7 32. Rc8 c5 33. Rc6 f6
34. Rxd6 h5 35. Rd7+ Kg6 36. Rd8 h4 37. Rh8 f5 38. exf5+ Kxf5 39. d6 Ke6 40.
Re8+ Kd7 41. Nxe5+ Kxd6 42. Nc4+ Kd5 43. Nb6+ Kd4 44. Rd8+ Ke4 45. Rg8 Kf5 46.
Nd7 h3 47. Rh8 h2 48. Rh3 Kf4 49. Nxc5 g4 50. Ne6+ Kf3 51. Rxg3+ Kxg3 0-1

[Event "Tournoi Skype 012B"]
[Site "Skype"]
[Date "????.??.??"]
[Round "6.1"]
[White "Prasad Singh, Ambika"]
[Black "Roos, Johan"]
[Result "0-1"]
[WhiteElo "1376"]
[BlackElo "1399"]
[PlyCount "74"]

1. e4 c5 2. Nc3 Nc6 3. f4 e6 4. Nf3 d5 5. exd5 exd5 6. Bb5 Nf6 7. O-O Be7 8.
Ne5 Bd7 9. Bxc6 Bxc6 10. Nxc6 bxc6 11. d4 cxd4 12. Qxd4 O-O 13. Kh1 Re8 14. Qf2
Qd7 15. b3 Ng4 16. Qf3 Qf5 17. Qd3 Qxd3 18. cxd3 Bc5 19. h3 Nf2+ 20. Kh2 Bd4
21. Bd2 g6 22. Rae1 Rxe1 23. Rxe1 Nxd3 24. Re7 Rd8 25. a3 a5 26. Kg3 Nc5 27. b4
axb4 28. axb4 Bxc3 29. Bxc3 Ne4+ 30. Rxe4 dxe4 31. Kf2 f5 32. h4 Rd3 33. Be1
Kf7 34. Ke2 Ke6 35. h5 gxh5 36. Bh4 Rb3 37. Be1 Kd5 0-1

[Event "Tournoi Skype 012B"]
[Site "Skype"]
[Date "????.??.??"]
[Round "6.2"]
[White "Capdeville, Jean"]
[Black "Ali Baig, Zulfqar"]
[Result "0-1"]
[WhiteElo "1341"]
[BlackElo "1399"]
[PlyCount "94"]

1. e4 e5 2. Nf3 Nf6 3. d3 Nc6 4. a3 Be7 5. Be2 O-O 6. O-O d5 7. Nbd2 dxe4 8.
Nxe4 Bf5 9. Nc3 Nd5 10. Be3 Nxe3 11. Qc1 Nxf1 12. Bxf1 Bf6 13. Ne2 Re8 14. h3
e4 15. dxe4 Bxe4 16. Nd2 Bxb2 17. Qxb2 Qxd2 18. Qc1 Qxc2 19. Qxc2 Bxc2 20. Rc1
Bd3 21. Nf4 Bxf1 22. Kxf1 Re4 23. g3 Ra4 24. Rc3 Rd8 25. Ke2 Re4+ 26. Kf1 g5
27. Ne2 Rde8 28. Rc2 R8e7 29. f3 Nd4 30. Nxd4 Rxd4 31. Kf2 f5 32. Rb2 b6 33.
Rb5 Rd2+ 34. Kf1 Rf7 35. Re5 Kf8 36. Re3 f4 37. gxf4 gxf4 38. Re4 Ra2 39. a4 a6
40. Kg1 b5 41. axb5 axb5 42. Re5 b4 43. Rb5 Rb2 44. Rb8+ Ke7 45. Rb7 Kd6 46.
Rb8 Re7 47. Rb7 Re1# 0-1

[Event "Tournoi Skype 012B"]
[Site "Skype"]
[Date "????.??.??"]
[Round "6.3"]
[White "Tamditi, Ibrahim"]
[Black "Grib, Johannes"]
[Result "0-1"]
[WhiteElo "1220"]
[BlackElo "1357"]
[PlyCount "52"]

1. e4 e5 2. Nf3 Nc6 3. Bc4 Nf6 4. Ng5 d5 5. exd5 Nxd5 6. O-O Qxg5 7. Bxd5 Bc5
8. Bxc6+ bxc6 9. d4 Qd8 10. dxc5 Qxd1 11. Rxd1 O-O 12. Nc3 Bf5 13. Re1 Rfe8 14.
Re2 Rad8 15. Bg5 f6 16. Bh4 h5 17. b4 g5 18. g4 Bxg4 19. Re4 gxh4 20. b5 Kh7
21. bxc6 Re6 22. Nb5 Rxc6 23. Nxa7 Rxc5 24. c4 Rg8 25. Ree1 Be2+ 26. Kh1 Bf3#
0-1

[Event "Tournoi Skype 012B"]
[Site "Skype"]
[Date "????.??.??"]
[Round "6.4"]
[White "Vello, Pablo"]
[Black "Mordaa, Ahmad"]
[Result "0-1"]
[WhiteElo "1399"]
[BlackElo "1377"]
[PlyCount "108"]

1. e4 e5 2. Nf3 Nc6 3. Bc4 Nf6 4. Nc3 Bb4 5. d3 d5 6. exd5 Nxd5 7. Bd2 Nxc3 8.
Bxc3 Bxc3+ 9. bxc3 O-O 10. O-O Re8 11. Re1 Bf5 12. Qd2 Qf6 13. Qg5 Rad8 14.
Qxf6 gxf6 15. Rad1 Be6 16. Bxe6 Rxe6 17. Nd2 f5 18. f3 Rd5 19. c4 Ra5 20. Ra1
Nd4 21. c3 Nc2 22. Nb3 Ra3 23. Kf2 Nxe1 24. Kxe1 Rea6 25. Nc1 Rxc3 26. Kd2 Rca3
27. Kc2 Rh6 28. h3 Rg6 29. g4 fxg4 30. Kb2 Raa6 31. hxg4 Rh6 32. Nb3 Rh2+ 33.
Kc3 Raxa2 34. Rxa2 Rxa2 35. Nc5 Rf2 36. Nxb7 Rxf3 37. Nc5 Rg3 38. Ne4 Rf3 39.
Nd2 Rg3 40. Ne4 Rg2 41. g5 Kg7 42. d4 exd4+ 43. Kxd4 Kg6 44. Ke5 Rxg5+ 45. Nxg5
Kxg5 46. c5 h5 47. Kd5 h4 48. Kc6 h3 49. Kxc7 h2 50. c6 h1=Q 51. Kd7 Qh3+ 52.
Kd8 a5 53. c7 a4 54. c8=Q Qxc8+ 0-1

[Event "Tournoi Skype 012B"]
[Site "Skype"]
[Date "????.??.??"]
[Round "6.5"]
[White "Picard, Mario"]
[Black "Raheja, Shiv"]
[Result "1-0"]
[WhiteElo "1272"]
[BlackElo "1334"]
[PlyCount "61"]

1. d4 d5 2. c4 Nf6 3. Nc3 Nc6 4. Nf3 e6 5. e3 Bb4 6. a3 Be7 7. Bd3 Na5 8. cxd5
exd5 9. b4 Nc6 10. b5 Na5 11. Qc2 c6 12. Qa4 cxb5 13. Qxb5+ Nc6 14. Bd2 a6 15.
Qb3 O-O 16. Rc1 Na5 17. Qb1 Bxa3 18. Rc2 Be7 19. O-O Bd6 20. e4 dxe4 21. Nxe4
Nxe4 22. Bxe4 Qf6 23. Bxa5 Qf4 24. Re2 Bg4 25. Bxh7+ Kh8 26. Be4 f5 27. Bxb7
Rab8 28. Bd2 Bxf3 29. Bxf4 Bxe2 30. Bxd6 Rf7 31. Bxb8 1-0

[Event "Tournoi Skype 012B"]
[Site "Skype"]
[Date "????.??.??"]
[Round "6.6"]
[White "Porcabeuf, Jean-Marc"]
[Black "Maneval, Dustin"]
[Result "0-1"]
[WhiteElo "1324"]
[BlackElo "1399"]
[PlyCount "50"]

1. d4 d5 2. c4 e6 3. Nf3 c5 4. Nc3 Nf6 5. Bg5 cxd4 6. Nxd4 dxc4 7. e3 Bb4 8.
Bxc4 O-O 9. O-O h6 10. Bh4 e5 11. Nf3 Qxd1 12. Raxd1 Bxc3 13. bxc3 Ne4 14. Nxe5
Nxc3 15. Bxf7+ Rxf7 16. Rd8+ Rf8 17. Rd3 Nxa2 18. Ng6 Re8 19. Rfd1 Nc6 20. h3
Bf5 21. Ne7+ Nxe7 22. Rd6 Nc6 23. Rb1 Nab4 24. e4 Bxe4 25. Rd7 Bxb1 0-1

[Event "Tournoi Skype 012B"]
[Site "Skype"]
[Date "????.??.??"]
[Round "6.7"]
[White "Steenkamp, Brandt"]
[Black "Ramirez Reina, Orlando"]
[Result "0-1"]
[WhiteElo "1285"]
[BlackElo "1469"]
[PlyCount "20"]

1. e4 d6 2. d4 Nf6 3. e5 Ng4 4. Bb5+ c6 5. Bc4 dxe5 6. dxe5 Qxd1+ 7. Kxd1 Nxf2+
8. Ke1 Nxh1 9. e6 Bxe6 10. Bxe6 fxe6 0-1

[Event "Tournoi Skype 012B"]
[Site "Skype"]
[Date "????.??.??"]
[Round "6.8"]
[White "Coruble, Didier"]
[Black "Sauvaget, Joel"]
[Result "0-1"]
[WhiteElo "1378"]
[BlackElo "1213"]
[PlyCount "76"]

1. Nf3 d5 2. e3 Nc6 3. Be2 e5 4. O-O Nf6 5. Ne1 Bd6 6. a3 Qe7 7. b4 e4 8. Bb2
Be5 9. c3 O-O 10. g3 Bh3 11. Ng2 Qe6 12. Re1 Qf5 13. Nh4 Qg5 14. d4 Bd6 15. Nd2
Bg4 16. Nf1 h5 17. f4 exf3 18. Nxf3 Bxf3 19. Bxf3 g6 20. Bc1 Qf5 21. Qe2 Rae8
22. Qg2 Kg7 23. Ra2 Ne7 24. Rf2 c6 25. e4 dxe4 26. Bxe4 Qd7 27. Bf3 Ned5 28.
Bxd5 Rxe1 29. Rxf6 Kxf6 30. Qf2+ Kg7 31. Qxe1 cxd5 32. Qd2 Re8 33. Qh6+ Kg8 34.
Bf4 Bxf4 35. gxf4 Re1 36. Kf2 Qe6 37. Kg3 Rxf1 38. Kh4 Qg4# 0-1

[Event "Tournoi Skype 012B"]
[Site "Skype"]
[Date "????.??.??"]
[Round "6.9"]
[White "Vincent, Andre"]
[Black "Ouellet, Emile"]
[Result "1-0"]
[WhiteElo "1360"]
[BlackElo "1271"]
[PlyCount "74"]

1. Nf3 d5 2. d4 e6 3. g3 b6 4. Bg2 Bb7 5. c4 Nf6 6. Nc3 c6 7. O-O Nbd7 8. Bf4
Be7 9. b3 h6 10. Qc2 a6 11. Rfe1 b5 12. Rab1 Rb8 13. Bxb8 Qxb8 14. cxd5 cxd5
15. Rbd1 O-O 16. Nd2 Rc8 17. Qd3 Bc6 18. e4 Nb6 19. e5 Nfd7 20. Ne2 f6 21. f4
f5 22. Nf3 Nf8 23. Bh3 Nbd7 24. Kg2 g6 25. Rg1 Nh7 26. Kf1 Kg7 27. g4 Bh4 28.
gxf5 g5 29. fxe6 Ndf8 30. Nxh4 Kh8 31. e7 Ng6 32. Nf5 Be8 33. Nxh6 Rc7 34. Bf5
Nxe7 35. Bxh7 Bg6 36. Bxg6 Kg7 37. Nf7 Nxg6 1-0

[Event "Tournoi Skype 012B"]
[Site "Skype"]
[Date "????.??.??"]
[Round "6.10"]
[White "Farthouat, Titoine"]
[Black "Yeter, Orhan"]
[Result "0-1"]
[WhiteElo "1164"]
[BlackElo "1345"]
[PlyCount "54"]

1. e4 c5 2. Nf3 e6 3. d3 Nc6 4. Bg5 f6 5. Bh4 Qc7 6. Bg3 d6 7. Nc3 a6 8. d4
cxd4 9. Nxd4 e5 10. Nd5 Qd8 11. Qh5+ g6 12. Nxc6 bxc6 13. Nxf6+ Nxf6 14. Qf3
Rb8 15. Bh4 Be7 16. Rd1 Rxb2 17. Qc3 Qb6 18. Bxf6 Bxf6 19. Rxd6 Rb1+ 20. Rd1
Rxd1+ 21. Kxd1 O-O 22. Bc4+ Kh8 23. Qd3 Qb1+ 24. Kd2 Bg5+ 25. Ke2 Bg4+ 26. f3
Qxh1 27. fxg4 Qf1# 0-1

[Event "Tournoi Skype 012B"]
[Site "Skype"]
[Date "????.??.??"]
[Round "6.11"]
[White "Milanese, Serge"]
[Black "Gerbaux, Regis"]
[Result "0-1"]
[WhiteElo "1339"]
[BlackElo "1435"]
[PlyCount "72"]

1. e4 c5 2. Nf3 Nc6 3. Nc3 e6 4. Bc4 Nf6 5. d3 d5 6. exd5 exd5 7. Bb5 Bd7 8.
Bxc6 Bxc6 9. Bg5 Be7 10. O-O O-O 11. Ne5 d4 12. Nxc6 bxc6 13. Ne4 Nxe4 14. Bh6
Ng5 15. Bxg7 Kxg7 16. Qg4 Kh8 17. h4 Ne6 18. g3 Rg8 19. Qf3 Bxh4 20. Kg2 Qd5
21. Qxd5 Nf4+ 22. Kf3 Nxd5 23. gxh4 Nb4 24. a4 Nxc2 25. Rac1 Nb4 26. Rxc5 Nxd3
27. Rf5 Rae8 28. Rxf7 Ne5+ 29. Kf4 Nxf7 30. b4 Rgf8 31. Rd1 Nd6+ 32. Kg3 Ne4+
33. Kg2 Rxf2+ 34. Kg1 Rg8+ 35. Kh1 Rgg2 36. Rxd4 Ng3# 0-1

[Event "Tournoi Skype 012B"]
[Site "Skype"]
[Date "????.??.??"]
[Round "6.12"]
[White "Gabriele, Noel"]
[Black "Lecluyse, Koenraad"]
[Result "1-0"]
[WhiteElo "1355"]
[BlackElo "1157"]
[PlyCount "80"]

1. e4 e5 2. Nf3 Nc6 3. Bc4 Nf6 4. d3 h6 5. a3 Bc5 6. h3 d6 7. b4 Bd4 8. c3 Bb6
9. O-O a6 10. a4 Bd7 11. a5 Ba7 12. b5 axb5 13. Bxb5 O-O 14. c4 Bd4 15. Nxd4
Nxd4 16. Bxd7 Qxd7 17. Nc3 c5 18. Nd5 Nxd5 19. exd5 f5 20. f4 exf4 21. Bxf4 g5
22. Bd2 f4 23. Kh2 g4 24. hxg4 Qg7 25. Bxf4 Rf7 26. g3 Raf8 27. Ra2 Re7 28.
Bxd6 Rxf1 29. Qxf1 Rf7 30. Qh3 Qg5 31. Bxc5 Nb3 32. Bd6 Kg7 33. Bf4 Qg6 34. d6
Qxd3 35. Qxh6+ Kg8 36. Qg5+ Kf8 37. Qd8+ Kg7 38. Be5+ Kg6 39. Qg8+ Kh6 40. Qxf7
Qxc4 1-0

[Event "Tournoi Skype 012B"]
[Site "Skype"]
[Date "????.??.??"]
[Round "6.13"]
[White "Martin, Jean-Claude"]
[Black "Prasad, Sanjay"]
[Result "1-0"]
[WhiteElo "1439"]
[BlackElo "1382"]
[PlyCount "99"]

1. d4 d5 2. c4 dxc4 3. Nc3 e6 4. e4 a6 5. Bxc4 Nf6 6. e5 Nd5 7. Bxd5 exd5 8.
Nf3 Nc6 9. O-O Bb4 10. h3 O-O 11. Qd3 Bxc3 12. bxc3 f6 13. exf6 Qxf6 14. Bg5
Qf5 15. Qxf5 Bxf5 16. Rfe1 Be4 17. Re3 Rae8 18. Rae1 Ne7 19. Bxe7 Rxe7 20. Ng5
h6 21. Nxe4 dxe4 22. Rxe4 Rxe4 23. Rxe4 Rf7 24. d5 Rd7 25. c4 c6 26. dxc6 bxc6
27. Re6 Rc7 28. c5 Kf7 29. Re4 a5 30. a4 Kf6 31. f4 Kg6 32. Rc4 Kf5 33. g4+ Ke6
34. Rd4 g5 35. Rd6+ Ke7 36. fxg5 hxg5 37. Rg6 Kf7 38. Rxg5 Rd7 39. Rf5+ Kg6 40.
Rf4 Rd1+ 41. Kg2 Rd2+ 42. Kg3 Rd3+ 43. Rf3 Rd4 44. Rf4 Rd5 45. Rf5 Rxf5 46.
gxf5+ Kxf5 47. h4 Kg6 48. Kg4 Kg7 49. Kg5 Kg8 50. Kf6 1-0

[Event "Tournoi Skype 012B"]
[Site "Skype"]
[Date "????.??.??"]
[Round "6.14"]
[White "Alverson, Ginny"]
[Black "Hargez, Dany"]
[Result "0-1"]
[WhiteElo "1244"]
[BlackElo "1472"]
[PlyCount "52"]

1. Nf3 e5 2. Nxe5 d6 3. Nf3 Nf6 4. d4 d5 5. Nbd2 Bb4 6. c3 Ba5 7. Nb3 Bb6 8.
Bf4 O-O 9. Qc2 Re8 10. O-O-O a5 11. Ne5 a4 12. Nd2 a3 13. bxa3 Rxa3 14. Qb2 Ra6
15. e4 Ra7 16. Bb5 c6 17. Nxc6 bxc6 18. Bd3 Bd7 19. Nf3 Bg4 20. Be2 Ree7 21. h3
Bxf3 22. Bxf3 Reb7 23. Be5 Bc5 24. Qa1 Ba3+ 25. Kd2 Rb2+ 26. Kc1 Rxa2+ 0-1

[Event "Tournoi Skype 012B"]
[Site "Skype"]
[Date "????.??.??"]
[Round "6.15"]
[White "Martin, Elise"]
[Black "Rugman, Dan"]
[Result "0-1"]
[WhiteElo "1222"]
[BlackElo "1418"]
[PlyCount "22"]

1. d4 Nf6 2. c4 c5 3. e3 d5 4. Nc3 Bg4 5. Nf3 Nc6 6. Be2 e5 7. O-O Bd6 8. h3 e4
9. hxg4 Nxg4 10. Nd2 Qh4 11. Bxg4 Qh2# 0-1

[Event "Tournoi Skype 012B"]
[Site "Skype"]
[Date "????.??.??"]
[Round "6.16"]
[White "Paquay, Renaud"]
[Black "Armingaud, Jean-Claude"]
[Result "1-0"]
[WhiteElo "1399"]
[BlackElo "1189"]
[PlyCount "49"]

1. d4 Nf6 2. Nf3 e6 3. Nc3 Bb4 4. Bd2 O-O 5. a3 Bxc3 6. Bxc3 Nc6 7. Qd3 d6 8.
O-O-O a6 9. g3 Ng4 10. Be1 Qf6 11. Bh3 Qh6+ 12. Bd2 Qxh3 13. Ng5 Qh5 14. Rdf1
Nxh2 15. f4 Nxf1 16. Rxh5 g6 17. Be1 e5 18. Rxh7 Bf5 19. e4 f6 20. Qxf1 fxg5
21. Qh1 Rf6 22. Rh8+ Kf7 23. Qh7+ Ke6 24. exf5+ Kxf5 25. Rxa8 1-0

[Event "Tournoi Skype 012B"]
[Site "Skype"]
[Date "????.??.??"]
[Round "6.17"]
[White "Gharbi, Said"]
[Black "Melin, Christiane"]
[Result "0-1"]
[WhiteElo "1395"]
[BlackElo "1130"]
[PlyCount "131"]

1. e4 e5 2. d4 exd4 3. c3 Nc6 4. cxd4 Nxd4 5. Qxd4 c6 6. Bf4 Nf6 7. Bd6 Bxd6 8.
Qxd6 Qe7 9. Qxe7+ Kxe7 10. e5 Ng4 11. Nf3 Re8 12. h3 Nh6 13. Bd3 Kf8 14. Bxh7
g6 15. O-O Kg7 16. Bxg6 Kxg6 17. Nbd2 f6 18. Rfe1 fxe5 19. Nxe5+ Rxe5 20. Rxe5
Kf6 21. Rae1 d5 22. Re8 Nf5 23. Rf8+ Kg6 24. Nf3 b6 25. Rg8+ Kf7 26. Ree8 Ne7
27. Rgf8+ Ke6 28. Ng5+ Kd7 29. Rd8+ Kc7 30. Rde8 Kd7 31. Rh8 a6 32. Nf7 Ke6 33.
Nd8+ Kd7 34. Nxc6 Nxc6 35. Reg8 Ne7 36. Rh7 Bb7 37. Rgg7 Re8 38. f4 d4 39. Kf1
Kd6 40. Rh6+ Kc5 41. Rg5+ Bd5 42. a3 d3 43. Re6 Kc4 44. Re1 d2 45. Rd1 Kd3 46.
Rg3+ Kc2 47. Rxd2+ Kxd2 48. Kf2 Nf5 49. Rc3 Re2+ 50. Kg1 Re1+ 51. Kf2 Rf1+ 52.
Kxf1 Ne3+ 53. Kg1 Bxg2 54. h4 Bf3 55. Rc7 Nd5 56. f5 Nxc7 57. f6 Bh5 58. Kg2
Nd5 59. Kf2 Nxf6 60. Kg3 Kc2 61. Kf4 Kxb2 62. Kg5 Kxa3 63. Kxf6 b5 64. Kg5 Be8
65. h5 Bxh5 66. Kxh5 0-1

[Event "Tournoi Skype 012B"]
[Site "Skype"]
[Date "????.??.??"]
[Round "6.18"]
[White "Talbot, Jean"]
[Black "Vervoort, Jean-Louis"]
[Result "0-1"]
[WhiteElo "1000"]
[BlackElo "1306"]
[PlyCount "38"]

1. e4 e5 2. Nf3 Nc6 3. Nc3 Nf6 4. d3 d5 5. exd5 Nxd5 6. Be2 Bb4 7. Bd2 Bg4 8.
h3 Bxf3 9. Bxf3 Nxc3 10. Bxc3 Bc5 11. Bxc6+ bxc6 12. Bxe5 Qe7 13. Qe2 O-O 14.
Qe4 Rfe8 15. f4 Qh4+ 16. Ke2 Qf2+ 17. Kd1 Rab8 18. b3 Be3 19. Qf3 Qd2# 0-1

[Event "Tournoi Skype 012B"]
[Site "Skype"]
[Date "????.??.??"]
[Round "6.20"]
[White "Baker, Abi"]
[Black "Gagnon, Sindy"]
[Result "1-0"]
[WhiteElo "1129"]
[BlackElo "1003"]
[PlyCount "27"]

1. c4 e5 2. Nc3 Be7 3. d3 Nc6 4. e4 Nf6 5. h3 O-O 6. Be3 b6 7. Qc1 Bb7 8. Nge2
Rb8 9. g4 Bb4 10. Bh6 gxh6 11. Qxh6 Re8 12. Ng3 d6 13. Nh5 Nd7 14. Qg7# 1-0

[Event "Tournoi Skype 012B"]
[Site "Skype"]
[Date "????.??.??"]
[Round "6.21"]
[White "Pedneault, Anne-Frederique"]
[Black "Farthouat, Catherine"]
[Result "0-1"]
[WhiteElo "1102"]
[BlackElo "1000"]
[PlyCount "24"]

1. c4 Nf6 2. Nc3 e5 3. g3 Bb4 4. Bg2 O-O 5. d4 exd4 6. Qxd4 Nc6 7. Qd3 d5 8.
cxd5 Bxc3+ 9. bxc3 Ne5 10. Qc2 Nc4 11. Nf3 Qxd5 12. Nd4 Qxg2 0-1

[Event "Tournoi Skype 012B"]
[Site "Skype"]
[Date "????.??.??"]
[Round "6.22"]
[White "Lemoine, Gerard"]
[Black "Coude, Josue"]
[Result "1-0"]
[WhiteElo "1040"]
[BlackElo "1097"]
[PlyCount "123"]

1. d4 d5 2. e3 Nf6 3. c3 Bf5 4. Nd2 e6 5. f4 Nc6 6. Ngf3 Bd6 7. Be2 Ne4 8. Nxe4
Bxe4 9. O-O Qd7 10. Ne5 Nxe5 11. fxe5 Bf8 12. Rf2 f6 13. Bh5+ Bg6 14. exf6 gxf6
15. Rxf6 Rg8 16. Bxg6+ hxg6 17. Qg4 e5 18. Qxd7+ Kxd7 19. dxe5 Be7 20. e6+ Kd6
21. Rf3 g5 22. e4 dxe4 23. Re3 Ke5 24. Bd2 Raf8 25. Rae1 Rg6 26. Rg3 Rxe6 27.
Bxg5 Bc5+ 28. Be3 Bd6 29. Bd4+ Kd5 30. Rg5+ Kc6 31. g4 Rh8 32. Bxh8 Rh6 33. Rh5
Bxh2+ 34. Kxh2 Rxh5+ 35. gxh5 Kd5 36. Rxe4 Kxe4 37. h6 Kf5 38. h7 Kg6 39. Be5
Kxh7 40. Bxc7 b5 41. Ba5 Kg7 42. Kg3 Kf6 43. Kf4 Ke6 44. b4 Kd5 45. Ke3 Kc4 46.
a3 Kxc3 47. Ke4 Kb3 48. Kd5 Kxa3 49. Kc5 a6 50. Kb6 Ka2 51. Kxa6 Ka3 52. Kxb5
Kb2 53. Ka4 Ka2 54. b5 Kb2 55. b6 Ka2 56. b7 Kb2 57. b8=Q+ Kc1 58. Qf4+ Kc2 59.
Qd4 Kb1 60. Qd2 Ka1 61. Bc3+ Kb1 62. Qb2# 1-0

[Event "Tournoi Skype 012B"]
[Site "Skype"]
[Date "????.??.??"]
[Round "6.23"]
[White "Marty, Yvette"]
[Black "Rival, Jocelyn"]
[Result "0-1"]
[WhiteElo "1000"]
[BlackElo "1114"]
[PlyCount "52"]

1. e4 d5 2. Nc3 d4 3. Nce2 Nf6 4. d3 e5 5. Nf3 Nc6 6. h3 Bb4+ 7. c3 dxc3 8.
bxc3 Ba5 9. Bb2 Be6 10. Nc1 O-O 11. Be2 Bb6 12. O-O Qe7 13. d4 Rad8 14. Nd3
Nxe4 15. Qc2 Nd6 16. dxe5 Nc4 17. Bc1 Bd5 18. Nf4 N4xe5 19. Nxe5 Qxe5 20. Nd3
Qe6 21. Nf4 Qd6 22. Qf5 Ne7 23. Qg4 c6 24. Bd3 g6 25. Nh5 Bc7 26. Bh6 Qh2# 0-1

[Event "Tournoi Skype 012B"]
[Site "Skype"]
[Date "????.??.??"]
[Round "7.1"]
[White "Roos, Johan"]
[Black "Ali Baig, Zulfqar"]
[Result "0-1"]
[WhiteElo "1399"]
[BlackElo "1399"]
[PlyCount "46"]

1. e4 e5 2. Nf3 Nf6 3. Nxe5 d6 4. Nf3 Nxe4 5. Nc3 Nxc3 6. dxc3 Nc6 7. Bd3 Be7
8. O-O O-O 9. Re1 Be6 10. Qd2 h6 11. Qf4 d5 12. Qg3 Bd6 13. Bf4 g5 14. Bxd6
Qxd6 15. Qxd6 cxd6 16. h4 g4 17. Nd4 Nxd4 18. cxd4 Rac8 19. Re3 Kg7 20. Rae1
Kf6 21. Kh2 b5 22. c3 a6 23. f3 h5 0-1